Gibt es dazu einen Wikipedia-Artikel - Statistiken

Allgemein
  • Dieses Quiz wurde 64 mal gespielt
  • Das Durchschnittsergebnis liegt bei 8 aus 15
Antwortstatistiken
Frage Antwort % Korrekt
Erster Weltkrieg Gibt es.
98%
Zweiter Weltkrieg Gibt es.
98%
Montag Gibt es.
86%
Jet Punk Gibt es.
68%
Fussball WM 2034 Gibt es.
61%
Merkel-Raute Gibt es.
61%
Der Schuh mit dem Götze Im WM- Finale das entscheidende Tor geschossen hat. Gibt es nicht
58%
Die Frisur von Donald Trump Gibt es nicht
56%
Eisberg mit dem die Titanic kollidiert ist. Gibt es.
53%
Doppelwumms Gibt es nicht
46%
Ich bin ein Döner. (Lied) Gibt es nicht
44%
Eurovision Song Contest 2026 Gibt es nicht
42%
Dritter Weltkrieg Gibt es.
34%
Reichstagskuppel Gibt es nicht
12%
Vierter Weltkrieg Gibt es.
5%
Keine übereinstimmenden Quizze gefunden
Verteilung der Resultate
Anzahl Personen mit jedem Resultat
Perzentil nach korrekt beantworteten Fragen
Ihre Resultats-Entwicklung
Sie haben dieses Quiz noch nicht gespielt